02352cas a2200385 a 45000010009000000050017000090060019000260070015000450080041000600100017001010150019001180160018001370160014001550220028001690350020001970400163002170420008003800430012003880500011004001300054004112220044004652450026005092600054005353620028005895000064006175000066006815200818007476500055015656500040016206550025016608560094016859420008017799520164017879990015019511795568320250915092452.0m o d cr mnu||||||||010630c20019999enkqx pso 0 a0eng c a 2004255457 aGBB3A48142bnb7 a0124325882Uk a012432588 a1758-6054l1472-070122 a(OCoLC)47222706 aOH1bengepncOH1dOCLCQdEYMdOCLCQdZCUdOCLdOCLCQdOCLCSdGUAdOCLCQdVRCdUKMGBdOCLCQdOCLCFdBEDGEdOCLCOdOCLCQdDLCdNLEdVT2dQGKdOCLCQdIOYdOCLCL apcc an-us---00aHD27410 aCorporate governance (Bradford, England : Online) 0aCorporate governanceb(Bingley. Online)10aCorporate governance. aBradford, England :bMCB University Press,c2001-0 aVol. 1, issue 1 (2001)- a"The international journal for effective board performance" aTitle from general information screen (viewed June 24, 2001). aCorporate Governance is an ongoing scholarly journal first published in Bradford, England by MCB University Press in 2001. It is issued in electronic format and continues to the present day. The journal carries the ISSN 1758-6054 and is also known by the uniform title Corporate Governance (Bradford, England : Online). Its focus is on the theory and practice of corporate governance, with coverage that includes the United States as well as international perspectives. Regularly issued articles examine corporate structures, responsibilities, accountability, and the challenges of governance in contemporary organisations. The journal is classified under HD2741 in the Library of Congress system and is available as an electronic journal. An online version can be accessed through institutional subscriptions. 0a Corporate GovernancezUnited StatesvPeriodicals. 0a Corporate GovernancevPeriodicals. 0aElectronic journals. uhttps://bibliotheque.tbs-education.fr/Default/doc/PUBFINDER/edp88627/corporate-governance 2lcc 00102lcc4070aTBSbTBSd2025-09-15l0r2025-09-15uhttps://bibliotheque.tbs-education.fr/Default/doc/PUBFINDER/edp88627/corporate-governancew2025-09-15y18 c4936d4936